DRASTIBADHA OR AVASYAK KAUSHAL (Record no. 26662)

MARC details
000 -LEADER
fixed length control field 00347nam a22001457a 4500
003 - CONTROL NUMBER IDENTIFIER
control field SGT
020 ## - INTERNATIONAL STANDARD BOOK NUMBER
International Standard Book Number 9788184573312
082 ## - DEWEY DECIMAL CLASSIFICATION NUMBER
Classification number 362.KUM
100 ## - MAIN ENTRY--PERSONAL NAME
Personal name KUMAR SUDIP
245 ## - TITLE STATEMENT
Title DRASTIBADHA OR AVASYAK KAUSHAL
260 ## - PUBLICATION, DISTRIBUTION, ETC. (IMPRINT)
Place of publication, distribution, etc NEW DELHI
Name of publisher, distributor, etc KANISHKA
Year of Publication 2014
300 ## - PAGE DESCRIPTION
No. of Pages 98
650 ## - SUBJECT ADDED ENTRY--TOPICAL TERM
Topical term or geographic name as entry element Social problems and services; associations
942 ## - ADDED ENTRY ELEMENTS (KOHA)
Source of classification or shelving scheme Dewey Decimal Classification
Koha item type Books
Holdings
Withdrawn status Lost status Source of classification or shelving scheme Damaged status Use restrictions Not for loan Collection code Home library Current library Shelving location Date acquired Vendor Name Cost, normal purchase price SGTU Bill Number Full call number Accession No. (Barcode) Date last seen Bill Date Koha item type
    Dewey Decimal Classification   Restricted Access Not For Loan EDUCATION SGT Engineering Library SGT Engineering Library Reference Book 11/07/2024 ABC PUBLISHERS & DISTRIBUTORS PVT. LTD. 300.00 SGTU IN43 362.KUM ED5262 11/07/2024 28/06/2024 Books
    Dewey Decimal Classification       EDUCATION SGT Engineering Library SGT Engineering Library Text Book 11/07/2024 ABC PUBLISHERS & DISTRIBUTORS PVT. LTD. 300.00 SGTU IN43 362.KUM ED5263 11/07/2024 28/06/2024 Books
    Dewey Decimal Classification       EDUCATION SGT Engineering Library SGT Engineering Library Text Book 11/07/2024 ABC PUBLISHERS & DISTRIBUTORS PVT. LTD. 300.00 SGTU IN43 362.KUM ED5264 11/07/2024 28/06/2024 Books